000
00280nam a2200109Ia 4500
008
230907s9999||||xx |||||||||||||| ||und||
082
_a
662.88
_b
BIO
245
0
_a
Biofuels /
260
_a
ASTM International,
_b
West Conshohocken, PA :
_c
2011
300
_a
ix, 623 p. :
942
_c
BK
999
_c
599871
_d
599871